[Event "2BLS 2122 SV 1947 Walldorf - Stuttgarte"]
[Site "?"]
[Date "2022.05.15"]
[Round "6.1"]
[White "Macovei, Andrei"]
[Black "Aczel, Gergely"]
[Result "1-0"]
[WhiteElo "2453"]
[BlackElo "2519"]
[PlyCount "107"]
[EventDate "2022.??.??"]

1. e4 c5 2. Nf3 d6 3. d4 cxd4 4. Nxd4 Nf6 5. Nc3 a6 6. Be2 e5 7. Nb3 Be7 8. Be3
Be6 9. Nd5 Nxd5 10. exd5 Bf5 11. Qd2 Bg6 12. Na5 b6 13. Nc4 Nd7 14. a4 O-O 15.
O-O Rb8 16. a5 b5 17. Nb6 f5 18. Nxd7 Qxd7 19. f4 Bf6 20. c3 Rfe8 21. Kh1 Kh8
22. Rac1 Re7 23. Bf3 Rc8 24. Be2 Qe8 25. Bd3 e4 26. Bb1 Rb7 27. Ba2 h6 28. Bb3
Kh7 29. Rce1 Bd8 30. Bd4 Bxa5 31. Ra1 Bb6 32. Rxa6 e3 33. Qd3 Bxd4 34. Qxd4 Qe7
35. Re1 e2 36. Bc2 b4 37. c4 Re8 38. Kg1 b3 39. Bd3 Qe3+ 40. Qxe3 Rxe3 41. Bb1
Re8 42. Kf2 Bh5 43. Bxf5+ Bg6 44. Bxg6+ Kxg6 45. Rxd6+ Kf5 46. Rxe2 Rxe2+ 47.
Kxe2 Ke4 48. Kd2 Kd4 49. Rc6 Rf7 50. d6 g5 51. Rc7 Rf6 52. d7 Rd6 53. c5 Rd5
54. c6 1-0

[Event "2BLS 2122 SV 1947 Walldorf - Stuttgarte"]
[Site "?"]
[Date "2022.05.15"]
[Round "6.2"]
[White "Gschnitzer, Adrian"]
[Black "Kvetny, Mark"]
[Result "1/2-1/2"]
[WhiteElo "2441"]
[BlackElo "2425"]
[PlyCount "50"]
[EventDate "2022.??.??"]

1. e4 e5 2. Nf3 Nc6 3. d4 exd4 4. Nxd4 Nf6 5. Nc3 Bb4 6. Nxc6 bxc6 7. Bd3 O-O
8. O-O Re8 9. Bg5 h6 10. Bh4 g5 11. Bg3 Bxc3 12. bxc3 Nxe4 13. Qh5 d6 14. f4
Bf5 15. Bxe4 Bxe4 16. fxg5 Qxg5 17. Qxf7+ Kh8 18. Qxc7 Bxg2 19. Kxg2 Qd5+ 20.
Kg1 Re2 21. Rf2 Rxf2 22. Kxf2 Rf8+ 23. Kg1 Qc5+ 24. Kg2 Qd5+ 25. Kg1 Qc5+
1/2-1/2

[Event "2BLS 2122 SV 1947 Walldorf - Stuttgarte"]
[Site "?"]
[Date "2022.05.15"]
[Round "6.3"]
[White "Benkovic, Petar"]
[Black "Muckle, Julius"]
[Result "1-0"]
[WhiteElo "2361"]
[BlackElo "2391"]
[PlyCount "77"]
[EventDate "2022.??.??"]

1. Nf3 d5 2. d4 Nf6 3. c4 c6 4. Nc3 e6 5. e3 Nbd7 6. Be2 Bd6 7. O-O O-O 8. b3
dxc4 9. bxc4 e5 10. Qc2 Qe7 11. Bb2 e4 12. Nd2 Re8 13. Rae1 Nf8 14. f3 exf3 15.
Bxf3 Ng4 16. Bxg4 Bxg4 17. e4 Ne6 18. Nb3 Rad8 19. Kh1 Qh4 20. e5 Nxd4 21. Nxd4
Bxe5 22. Nf3 Bxf3 23. gxf3 Qxc4 24. Rf2 Re6 25. Nb1 Qb4 26. Re4 Qd6 27. Bxe5
Rxe5 28. Rxe5 Qxe5 29. Nc3 h5 30. Ne4 h4 31. Rd2 Re8 32. Kg2 Qf4 33. Rd3 f5 34.
Qb3+ Kh8 35. Qf7 Rb8 36. Qh5+ Kg8 37. Ng5 h3+ 38. Kxh3 Qe5 39. Rd7 1-0

[Event "2BLS 2122 SV 1947 Walldorf - Stuttgarte"]
[Site "?"]
[Date "2022.05.15"]
[Round "6.5"]
[White "Vyval, Volodymyr"]
[Black "Gschnitzer, Oswald"]
[Result "1-0"]
[WhiteElo "2173"]
[BlackElo "2366"]
[PlyCount "91"]
[EventDate "2022.??.??"]

1. e4 c5 2. Nf3 Nc6 3. d4 cxd4 4. Nxd4 e5 5. Nb5 d6 6. N1c3 a6 7. Na3 Be7 8.
Be3 b5 9. Nd5 Rb8 10. c4 b4 11. Nc2 Nf6 12. Bd3 O-O 13. b3 Nd7 14. Qd2 Nc5 15.
Rd1 a5 16. O-O h6 17. Nxe7+ Qxe7 18. Ne1 Be6 19. Bc2 Rfd8 20. f3 f6 21. Qf2 Bf7
22. Nd3 Ne6 23. Rd2 Ned4 24. Nc1 a4 25. Ne2 axb3 26. axb3 Nxc2 27. Rxc2 Ra8 28.
Rd1 Ra3 29. Nc1 Be6 30. Rcd2 Ra1 31. g4 Rd7 32. Rd3 h5 33. h3 Ra8 34. Qd2 Rad8
35. Na2 Kf7 36. Nxb4 Nxb4 37. Qxb4 g6 38. Qd2 Rb8 39. Kg2 f5 40. Bg5 Qf8 41.
exf5 gxf5 42. gxh5 f4 43. h4 Rb6 44. c5 Rxb3 45. Rxb3 Bxb3 46. Qd3 1-0

[Event "2BLS 2122 SV 1947 Walldorf - Stuttgarte"]
[Site "?"]
[Date "2022.05.15"]
[Round "6.6"]
[White "Tompa, Janos"]
[Black "Strunski, Andreas"]
[Result "1/2-1/2"]
[WhiteElo "2327"]
[BlackElo "2320"]
[PlyCount "106"]
[EventDate "2022.??.??"]

1. Nf3 d5 2. g3 g6 3. Bg2 Bg7 4. c4 c6 5. cxd5 cxd5 6. d4 Nf6 7. O-O O-O 8. Ne5
Ng4 9. Nxg4 Bxg4 10. Nc3 Nc6 11. h3 Be6 12. e4 Nxd4 13. exd5 Bf5 14. Bf4 e5 15.
dxe6 Bxe6 16. Be3 Qd7 17. Bxd4 Bxd4 18. Ne2 Be5 19. Qxd7 Bxd7 20. Nc3 Rac8 21.
Rfe1 Bxc3 22. bxc3 Be6 23. Bxb7 Rxc3 24. Rec1 Ra3 25. h4 Rb8 26. Rc7 h5 27.
Rac1 Rxa2 28. Bc8 Bd5 29. Rd7 Rd2 30. Ba6 Rbb2 31. Bc4 Bxc4 32. Rxd2 Rxd2 33.
Rxc4 Rd8 34. Ra4 Rd7 35. f3 Kg7 36. Ra6 Kf8 37. Kg2 Rd2+ 38. Kh3 Rd3 39. Rxa7
Rxf3 40. Kg2 Rf5 41. Rb7 Kg7 42. Ra7 g5 43. hxg5 Kg6 44. Ra4 Kxg5 45. Rb4 Ra5
46. Rc4 Ra3 47. Rb4 Re3 48. Kf2 Re6 49. Kf3 Ra6 50. Rb5+ f5 51. Rb4 Ra3+ 52.
Kf2 Ra2+ 53. Kf3 Ra3+ 1/2-1/2

[Event "2BLS 2122 SV 1947 Walldorf - Stuttgarte"]
[Site "?"]
[Date "2022.05.15"]
[Round "6.7"]
[White "Beyer, Christian"]
[Black "Fichter, Fabian"]
[Result "0-1"]
[WhiteElo "2301"]
[BlackElo "2229"]
[PlyCount "102"]
[EventDate "2022.??.??"]

1. d4 d5 2. Bf4 c6 3. e3 Qb6 4. Qc1 Bf5 5. Nf3 Nf6 6. Be2 h6 7. Nbd2 Nbd7 8. h3
e6 9. c4 a5 10. O-O Be7 11. c5 Qa7 12. Ne5 Nxe5 13. Bxe5 O-O 14. Bxf6 Bxf6 15.
Qc3 Rfc8 16. Rfc1 Qb8 17. Nf3 b5 18. Bd3 Bxd3 19. Qxd3 e5 20. Qf5 Re8 21. Re1
Qc8 22. Qh5 Qc7 23. Rad1 Rad8 24. dxe5 Bxe5 25. Re2 Bf6 26. Nd4 Re4 27. Red2
Bxd4 28. exd4 Rde8 29. g3 Qe7 30. Kg2 Qf6 31. h4 Qe6 32. Rd3 f5 33. R1d2 Rf8
34. Qf3 g6 35. Ra3 h5 36. Qd3 f4 37. f3 Re3 38. Qf1 fxg3 39. Rxe3 Qxe3 40. Qd3
Qe6 41. Re2 Qf6 42. Re5 Kg7 43. Rg5 Re8 44. Kxg3 Re1 45. Kf2 Rh1 46. Qe3 Rd1
47. Ke2 Rxd4 48. Re5 Rxh4 49. Re7+ Kf8 50. Re5 Kf7 51. Kf1 Rh2 0-1

[Event "2BLS 2122 SV 1947 Walldorf - Stuttgarte"]
[Site "?"]
[Date "2022.05.15"]
[Round "6.8"]
[White "Weber, Marc"]
[Black "Fritsch, Rolf"]
[Result "1-0"]
[WhiteElo "2193"]
[BlackElo "2175"]
[PlyCount "97"]
[EventDate "2022.??.??"]

1. c4 Nf6 2. Nc3 g6 3. d4 Bg7 4. e4 d6 5. Nf3 O-O 6. Be2 e5 7. Be3 exd4 8. Nxd4
Re8 9. f3 c6 10. Bf2 Nbd7 11. O-O Nb6 12. Qd2 Be6 13. Nxe6 Rxe6 14. Rfd1 Qf8
15. a4 Bh6 16. Qc2 Nbd7 17. a5 a6 18. b4 Qd8 19. Qa2 Qc7 20. Qa3 Bf8 21. Rac1
Qd8 22. Bf1 Qe8 23. Ne2 d5 24. cxd5 cxd5 25. Nf4 dxe4 26. Nxe6 Qxe6 27. Bc4 Qe7
28. Qb3 Bh6 29. Be3 Bxe3+ 30. Qxe3 Ne5 31. fxe4 Nfg4 32. Qf4 Qxb4 33. Bxf7+
Nxf7 34. Qxg4 Qxa5 35. Rc8+ Rxc8 36. Qxc8+ Kg7 37. Qxb7 Qc5+ 38. Kh1 Qc4 39.
Qd5 Qe2 40. h3 h5 41. Qd4+ Kh7 42. Qd3 Qa2 43. Qc3 Qe6 44. Qd4 h4 45. Qd7 Qb3
46. e5 Kh6 47. e6 Ng5 48. e7 Nxh3 49. Qd2+ 1-0

[Event "2BLS 2122 SV Worms 1878 - TSV Schönaic"]
[Site "?"]
[Date "2022.05.15"]
[Round "6.1"]
[White "Plenca, Jadranko"]
[Black "Karsay, Pascal"]
[Result "0-1"]
[WhiteElo "2443"]
[BlackElo "2317"]
[PlyCount "146"]
[EventDate "2022.??.??"]

1. e4 e5 2. Nf3 Nc6 3. Bb5 a6 4. Ba4 Nf6 5. O-O Be7 6. Re1 b5 7. Bb3 O-O 8. a4
Bb7 9. d3 d5 10. exd5 Nxd5 11. Nxe5 Nxe5 12. Rxe5 Qd6 13. Re1 Rae8 14. Nd2 Nf6
15. axb5 axb5 16. h3 Bd8 17. Nf1 c5 18. Be3 Nd7 19. Qg4 Ne5 20. Qg3 Qc6 21. d4
c4 22. dxe5 cxb3 23. Bg5 Bxg5 24. Qxg5 Re6 25. f3 Rg6 26. Qe3 Qxf3 27. Qxf3
Bxf3 28. Ne3 bxc2 29. Rac1 Rc8 30. Kf2 Be4 31. Ng4 Bd5 32. Ne3 Bb3 33. Nf5 Kf8
34. Nd4 Bd5 35. g4 h5 36. Rg1 hxg4 37. Rxg4 Rh6 38. h4 Rh5 39. Rxc2 Rxc2+ 40.
Nxc2 Rxe5 41. Nd4 Be6 42. Rf4 Bd7 43. Rf3 Re4 44. Rd3 Ke7 45. Nf3 Rb4 46. Rd2
Rf4 47. Ke3 Rf5 48. Ke4 Rh5 49. Ke3 g6 50. Rd4 Bc6 51. Nd2 Bd5 52. Nb1 Ke6 53.
Nc3 Bc6 54. Ne2 Re5+ 55. Kd3 f6 56. Rf4 Bd7 57. Nd4+ Kf7 58. Kc3 Ke7 59. Kd3 g5
60. hxg5 fxg5 61. Rf2 g4 62. Rh2 Kf6 63. Rh6+ Kg5 64. Rd6 Be8 65. Rd8 Kf4 66.
Kd2 Kg3 67. Rd6 Kg2 68. Ne2 g3 69. Rd3 Rg5 70. Ke3 Bh5 71. Nf4+ Kh2 72. Kd2 Rf5
73. Ke3 Rxf4 0-1

[Event "2BLS 2122 SV Worms 1878 - TSV Schönaic"]
[Site "?"]
[Date "2022.05.15"]
[Round "6.2"]
[White "Ollenberger, Roland"]
[Black "Krassowizkij, Jaroslaw"]
[Result "1/2-1/2"]
[WhiteElo "2266"]
[BlackElo "2437"]
[PlyCount "98"]
[EventDate "2022.??.??"]

1. e4 e5 2. Nf3 Nc6 3. Bc4 Bc5 4. c3 Nf6 5. d3 a6 6. Bb3 d6 7. Nbd2 O-O 8. h3
Be6 9. Qe2 Re8 10. Bc2 h6 11. g4 Nh7 12. Nf1 d5 13. Ng3 b5 14. exd5 Qxd5 15.
Ne4 Be7 16. Rg1 Kh8 17. g5 f5 18. gxf6 Bxf6 19. Be3 Ne7 20. h4 Nf5 21. Nfg5
Nxe3 22. fxe3 Qd8 23. Qh5 Bg8 24. O-O-O Rf8 25. Qg4 Qe7 26. Kb1 Rae8 27. Rg2
hxg5 28. hxg5 Bxg5 29. Nxg5 Qxg5 30. Qxg5 Nxg5 31. Rxg5 Rf6 32. Rdg1 Re7 33.
Rh1+ Rh6 34. Rhg1 c5 35. b3 Bh7 36. Rf1 Rf6 37. Rh1 Rh6 38. Rhh5 Rxh5 39. Rxh5
g6 40. Rh4 g5 41. Rg4 Rg7 42. d4 cxd4 43. exd4 exd4 44. cxd4 Kg8 45. d5 Bxc2+
46. Kxc2 Kf7 47. Kc3 Ke7 48. Kb4 Rg6 49. Kc5 Kd7 1/2-1/2

[Event "2BLS 2122 SV Worms 1878 - TSV Schönaic"]
[Site "?"]
[Date "2022.05.15"]
[Round "6.3"]
[White "Doric, Darko"]
[Black "Muranyi, Karl-Jasmin"]
[Result "1/2-1/2"]
[WhiteElo "2483"]
[BlackElo "2334"]
[PlyCount "68"]
[EventDate "2022.??.??"]

1. d4 Nf6 2. c4 e6 3. Nc3 Bb4 4. Bd2 b6 5. e3 Bb7 6. Nf3 Bxc3 7. Bxc3 Ne4 8.
Rc1 Nxc3 9. Rxc3 d6 10. Be2 Nd7 11. O-O O-O 12. Qa4 Qe7 13. Rd1 a5 14. Ne1 e5
15. Bf3 e4 16. Be2 f5 17. g3 g5 18. Ng2 Kg7 19. Rf1 Rf6 20. d5 g4 21. Nf4 Kh8
22. Kg2 Ne5 23. Rh1 Ng6 24. h4 Nxf4+ 25. gxf4 Bc8 26. Kg3 Bd7 27. Qd1 Kg7 28.
b3 Rff8 29. a3 Qf6 30. Qd2 Ra7 31. Rc2 Re8 32. Rhc1 Kh6 33. Qc3 Qxc3 34. Rxc3
Kg7 1/2-1/2

[Event "2BLS 2122 SV Worms 1878 - TSV Schönaic"]
[Site "?"]
[Date "2022.05.15"]
[Round "6.4"]
[White "Feldmann, Johannes"]
[Black "Saric, Ante"]
[Result "1/2-1/2"]
[WhiteElo "2213"]
[BlackElo "2510"]
[PlyCount "113"]
[EventDate "2022.??.??"]

1. c4 e6 2. Nc3 Nf6 3. e4 d5 4. e5 d4 5. exf6 dxc3 6. bxc3 Qxf6 7. d4 e5 8. Nf3
exd4 9. Bg5 Qe6+ 10. Be2 Be7 11. cxd4 Bxg5 12. Nxg5 Qf6 13. Nf3 O-O 14. O-O Nd7
15. a4 b6 16. a5 Bb7 17. axb6 axb6 18. Qd2 Rfd8 19. Rxa8 Bxa8 20. Ra1 Bxf3 21.
Bxf3 Nc5 22. Ra3 Ne6 23. d5 Nd4 24. h3 c5 25. Bg4 h6 26. g3 Qg6 27. Qf4 f5 28.
Bf3 Qd6 29. Qxd6 Rxd6 30. h4 g5 31. hxg5 hxg5 32. g4 f4 33. Kg2 Kg7 34. Ra7+
Kf6 35. Ra8 Nb3 36. Rf8+ Ke5 37. Rf5+ Kd4 38. Rxg5 Kxc4 39. Rf5 Nd4 40. Rxf4 b5
41. g5 Rg6 42. Rg4 b4 43. Be4 Rg7 44. f4 b3 45. f5 Nxf5 46. Bxf5+ Kxd5 47. Bd3
Ke5 48. Kf3 b2 49. Ke3 c4 50. Bc2 c3 51. g6 Kf6 52. Kd4 Rc7 53. Rg3 Kg7 54.
Rxc3 Rb7 55. Kd3 b1=Q 56. Bxb1 Rxb1 57. Rc2 1/2-1/2

[Event "2BLS 2122 SV Worms 1878 - TSV Schönaic"]
[Site "?"]
[Date "2022.05.15"]
[Round "6.5"]
[White "Plenca, Julijan"]
[Black "Musiolik, David"]
[Result "1-0"]
[WhiteElo "2443"]
[BlackElo "2220"]
[PlyCount "68"]
[EventDate "2022.??.??"]

1. e4 e6 2. d4 d5 3. Nd2 Nf6 4. e5 Nfd7 5. Bd3 c5 6. c3 Nc6 7. Ndf3 f6 8. exf6
Nxf6 9. Ne2 Bd6 10. Bf4 Bxf4 11. Nxf4 O-O 12. O-O Ng4 13. Nh5 e5 14. dxe5 Ngxe5
15. Nxe5 Nxe5 16. Be2 Qd6 17. Ng3 Bd7 18. Qd2 Bc6 19. Rad1 Rad8 20. f4 Nf7 21.
f5 Qh6 22. Rf4 Ng5 23. Rdf1 Ne4 24. Nxe4 dxe4 25. Qe1 Rd6 26. Qg3 Qf6 27. Rg4
Rd7 28. Bc4+ Bd5 29. Rxe4 Bxc4 30. Rxc4 Rd5 31. Rcf4 Re8 32. R4f2 Qd6 33. f6
Qxg3 34. f7+ Kf8 1-0

[Event "2BLS 2122 SV Worms 1878 - TSV Schönaic"]
[Site "?"]
[Date "2022.05.15"]
[Round "6.6"]
[White "Martin, Mike"]
[Black "Richter, Nils"]
[Result "0-1"]
[WhiteElo "2124"]
[BlackElo "2359"]
[PlyCount "89"]
[EventDate "2022.??.??"]

1. e4 c5 2. c4 Nc6 3. Nc3 g6 4. g3 Bg7 5. Bg2 Nf6 6. Nge2 O-O 7. O-O Ne8 8. f4
Nc7 9. d3 Ne6 10. g4 Ned4 11. Ng3 d6 12. f5 e6 13. a3 Bd7 14. Rb1 Ne5 15. g5
exf5 16. exf5 Nxf5 17. Nxf5 Bxf5 18. Rxf5 gxf5 19. Bxb7 Rb8 20. Bd5 Ng4 21. Ne2
Qe7 22. Ng3 Rfe8 23. Qf3 Qe1+ 24. Kg2 Qxc1 25. Bxf7+ Kh8 26. Rxc1 Rxb2+ 27. Kh1
Rxh2+ 28. Kg1 Bd4+ 29. Kf1 Rd2 30. Qe2 Rexe2 31. Nxe2 Nh2+ 32. Ke1 Nf3+ 33. Kf1
Nh2+ 34. Ke1 Nf3+ 35. Kf1 Bb2 36. Rb1 Ne5 37. Ke1 Nf3+ 38. Kf1 Nxg5 39. Bd5 Be5
40. Rb8+ Kg7 41. Rb7+ Kg6 42. Rxa7 f4 43. Ra8 f3 44. Rg8+ Kh6 45. Rxg5 0-1

[Event "2BLS 2122 SV Worms 1878 - TSV Schönaic"]
[Site "?"]
[Date "2022.05.15"]
[Round "6.7"]
[White "Lorscheid, Gerhard"]
[Black "Schluchter, Steffen"]
[Result "1/2-1/2"]
[WhiteElo "2125"]
[BlackElo "2060"]
[PlyCount "107"]
[EventDate "2022.??.??"]

1. d4 Nf6 2. c4 e6 3. Nc3 Bb4 4. e3 b6 5. Nge2 Bb7 6. a3 Be7 7. Nf4 d5 8. cxd5
exd5 9. Bb5+ c6 10. Bd3 O-O 11. O-O Bd6 12. Nh5 Ba6 13. Bxa6 Nxa6 14. Ng3 Re8
15. Nf5 Bf8 16. f3 Nc7 17. g4 g6 18. Ng3 Ne6 19. f4 c5 20. g5 cxd4 21. exd4 Nd7
22. Kh1 Bg7 23. Nce2 Rc8 24. Qd3 Ndf8 25. Be3 f5 26. Ng1 Qc7 27. Rac1 Qb8 28.
Rcd1 b5 29. Qd2 Nd8 30. Nf3 Qb7 31. h4 Nf7 32. h5 Nd6 33. Ne5 Nc4 34. Nxc4
dxc4+ 35. Kh2 Qd5 36. h6 Bh8 37. Bg1 Nd7 38. Ne2 a6 39. Nc3 Qd6 40. Kg3 Re7 41.
Rfe1 Rce8 42. Rxe7 Rxe7 43. Re1 Rxe1 44. Qxe1 Kf7 45. Qe3 Qe7 46. Qf3 Qd6 47.
Qb7 Bxd4 48. Bxd4 Qxd4 49. Nd5 Qg1+ 50. Kf3 Qf1+ 51. Kg3 Qg1+ 52. Kf3 Qf1+ 53.
Kg3 Qg1+ 54. Kf3 1/2-1/2

[Event "2BLS 2122 SV Worms 1878 - TSV Schönaic"]
[Site "?"]
[Date "2022.05.15"]
[Round "6.8"]
[White "Niekisch, Dirk"]
[Black "Kuebler, Marcus"]
[Result "1-0"]
[WhiteElo "1720"]
[BlackElo "1964"]
[PlyCount "81"]
[EventDate "2022.??.??"]

1. e4 d6 2. d4 Nf6 3. Nc3 e5 4. Nf3 Nbd7 5. Bc4 Be7 6. Be3 O-O 7. Qe2 c6 8. Bb3
Ng4 9. O-O-O Nxe3 10. Qxe3 exd4 11. Nxd4 Nc5 12. f4 Nxb3+ 13. axb3 Re8 14. Qf3
Qa5 15. Kb1 Bf8 16. h4 Bd7 17. h5 b5 18. g4 b4 19. Nce2 c5 20. Nf5 Qc7 21. Ne3
Bc6 22. Nd5 Bxd5 23. Rxd5 a5 24. g5 a4 25. g6 axb3 26. gxf7+ Qxf7 27. cxb3 Ra7
28. Ng3 Rea8 29. Kc2 Rc8 30. Nf5 c4 31. bxc4 Rxc4+ 32. Kd3 Rc5 33. Nd4 Ra2 34.
Rh2 Qb7 35. Rg2 Qa6+ 36. Ke3 Rc1 37. Re2 Qc4 38. Qg4 Qc7 39. h6 Rh1 40. hxg7
Be7 41. Qe6+ 1-0

[Event "2BLS 2122 OSG Baden-Baden II - SC Ötig"]
[Site "?"]
[Date "2022.04.29"]
[Round "6.1"]
[White "Bauer, Christian"]
[Black "Gozzoli, Yannick"]
[Result "1-0"]
[WhiteElo "2596"]
[BlackElo "2591"]
[PlyCount "55"]
[EventDate "2022.??.??"]

1. e4 e5 2. Nf3 Nc6 3. Bb5 a6 4. Ba4 Nf6 5. d3 d6 6. c4 g6 7. Nc3 Bg7 8. h3 O-O
9. O-O Nd4 10. Nxd4 exd4 11. Ne2 Nd7 12. b4 a5 13. Bxd7 Bxd7 14. b5 f5 15. exf5
Bxf5 16. Ng3 Bd7 17. Ne4 h6 18. a4 b6 19. Ra2 Qh4 20. f3 Be6 21. Re2 Bf7 22.
Bb2 d5 23. cxd5 Bxd5 24. Qa1 Rad8 25. Bxd4 Bxd4+ 26. Qxd4 Bxe4 27. Qc4+ Rf7 28.
fxe4 1-0

[Event "2BLS 2122 OSG Baden-Baden II - SC Ötig"]
[Site "?"]
[Date "2022.04.29"]
[Round "6.2"]
[White "Dann, Matthias"]
[Black "Georgiev, Kiril"]
[Result "1-0"]
[WhiteElo "2456"]
[BlackElo "2538"]
[PlyCount "139"]
[EventDate "2022.??.??"]

1. e4 c5 2. Nf3 d6 3. d4 Nf6 4. Nc3 cxd4 5. Nxd4 a6 6. Be3 Ng4 7. Bg5 h6 8. Bh4
g5 9. Bg3 Bg7 10. h3 Ne5 11. f3 Nbc6 12. Bf2 Be6 13. Qd2 Nxd4 14. Bxd4 Qa5 15.
h4 Rc8 16. a3 Rg8 17. hxg5 hxg5 18. O-O-O Bf6 19. Kb1 Nd7 20. Nd5 Qxd2 21.
Nxf6+ Nxf6 22. Rxd2 Nd7 23. g3 f6 24. f4 Bg4 25. Bg2 b5 26. Be3 gxf4 27. gxf4
Kf7 28. e5 fxe5 29. fxe5 Nxe5 30. Bd5+ e6 31. Rf2+ Ke8 32. Bb7 Rb8 33. Rh7 Bf5
34. Rc7 Rf8 35. Bxa6 Rf7 36. Ba7 Rxc7 37. Bxb8 Rc5 38. Bxd6 Rd5 39. Bxe5 Rxe5
40. b3 Kd7 41. Kb2 Kc6 42. c4 bxc4 43. Bxc4 Re1 44. Re2 Rb1+ 45. Ka2 Rd1 46.
Bxe6 Bd3 47. Rf2 Re1 48. Bf5 Be2 49. Kb2 Kc5 50. Kc3 Bb5 51. Bd3 Bd7 52. a4 Ra1
53. Bb5 Be6 54. Re2 Bd5 55. Bd3 Bc6 56. Re5+ Kd6 57. Ra5 Rc1+ 58. Kb4 Bd5 59.
Ra6+ Kc7 60. Rh6 Rg1 61. Rh4 Ra1 62. Bc4 Bf3 63. Kc5 Rg1 64. Rh7+ Kb8 65. Re7
Rg5+ 66. Kb6 Kc8 67. a5 Kd8 68. Re3 Rg6+ 69. Re6 Rg1 70. Bb5 1-0

[Event "2BLS 2122 OSG Baden-Baden II - SC Ötig"]
[Site "?"]
[Date "2022.04.29"]
[Round "6.3"]
[White "Van den Doel, Erik"]
[Black "Bellahcene, Bilel"]
[Result "1-0"]
[WhiteElo "2581"]
[BlackElo "2521"]
[PlyCount "45"]
[EventDate "2022.??.??"]

1. d4 Nf6 2. Nf3 e6 3. Bf4 d5 4. e3 c5 5. Nbd2 Nc6 6. c3 cxd4 7. exd4 Nh5 8.
Be3 Bd6 9. Bd3 Nf4 10. Bxf4 Bxf4 11. O-O O-O 12. Re1 Bd6 13. Qe2 Bd7 14. Ne5
Nxe5 15. dxe5 Bc5 16. Nf3 f5 17. exf6 Qxf6 18. Rad1 a6 19. Rf1 Rae8 20. Ne5 Re7
21. Kh1 Bd6 22. f4 Bxe5 23. Bxh7+ 1-0

[Event "2BLS 2122 OSG Baden-Baden II - SC Ötig"]
[Site "?"]
[Date "2022.04.29"]
[Round "6.4"]
[White "Riff, Jean-Noel"]
[Black "Cornette, Matthieu"]
[Result "1/2-1/2"]
[WhiteElo "2444"]
[BlackElo "2570"]
[PlyCount "44"]
[EventDate "2022.??.??"]

1. e4 c5 2. Nf3 Nc6 3. Nc3 g6 4. d4 cxd4 5. Nxd4 Bg7 6. Be3 Nf6 7. Bc4 O-O 8.
Bb3 d6 9. h3 Na5 10. O-O a6 11. Qd3 b5 12. Nd5 Bb7 13. Nxf6+ Bxf6 14. c3 d5 15.
Bxd5 Bxd5 16. exd5 Qxd5 17. Qe2 Nc4 18. Bh6 Rfd8 19. Rfd1 Qb7 20. Nf3 Qc7 21.
Bg5 Bxg5 22. Nxg5 Rxd1+ 1/2-1/2

[Event "2BLS 2122 OSG Baden-Baden II - SC Ötig"]
[Site "?"]
[Date "2022.04.29"]
[Round "6.5"]
[White "Grigoriants, Sergey"]
[Black "Schmider, Niklas"]
[Result "1-0"]
[WhiteElo "2547"]
[BlackElo "2393"]
[PlyCount "69"]
[EventDate "2022.??.??"]

1. e4 e5 2. Nf3 Nc6 3. Bb5 a6 4. Ba4 Nf6 5. O-O Bc5 6. c3 b5 7. Bb3 d6 8. a4
Bb7 9. d4 Bb6 10. Bg5 h6 11. Bxf6 Qxf6 12. Bd5 O-O 13. Na3 Rfb8 14. Nc2 exd4
15. cxd4 bxa4 16. Rxa4 a5 17. g3 Ne7 18. Bxb7 Rxb7 19. Ne3 c6 20. b4 Bc7 21.
bxa5 Rxa5 22. Rxa5 Bxa5 23. Kg2 Rb4 24. Qd3 Qe6 25. Ra1 Bb6 26. Ra8+ Kh7 27. h4
g6 28. h5 d5 29. Qa3 c5 30. dxc5 dxe4 31. Ng5+ hxg5 32. Qxb4 Bc7 33. Qb7 Qe5
34. hxg6+ Kxg6 35. Ra7 1-0

[Event "2BLS 2122 OSG Baden-Baden II - SC Ötig"]
[Site "?"]
[Date "2022.04.29"]
[Round "6.6"]
[White "Schmaltz, Roland"]
[Black "Inkiov, Ventzislav"]
[Result "1/2-1/2"]
[WhiteElo "2464"]
[BlackElo "2418"]
[PlyCount "98"]
[EventDate "2022.??.??"]

1. e4 c5 2. Nf3 d6 3. Bb5+ Nc6 4. O-O Bd7 5. Re1 Nf6 6. c3 a6 7. Bf1 Bg4 8. h3
Bxf3 9. Qxf3 e6 10. Qd1 Be7 11. d4 d5 12. e5 Ne4 13. Be3 O-O 14. Na3 cxd4 15.
cxd4 Bb4 16. Qg4 Bxe1 17. Rxe1 f5 18. exf6 Qxf6 19. f3 Nd6 20. Bf2 Nf5 21. Nc2
Rac8 22. Rd1 e5 23. dxe5 Nxe5 24. Qa4 Qg6 25. Ne1 Ne7 26. Qb4 Rc7 27. Bc5 N5c6
28. Qh4 Qf6 29. Qg3 Ne5 30. Nd3 Re8 31. Nxe5 Nf5 32. Ng4 Nxg3 33. Nxf6+ gxf6
34. Bd6 Rg7 35. Bxg3 Rxg3 36. Rxd5 Rg7 37. Rd6 Rf8 38. Bc4+ Kh8 39. Bd5 Rc7 40.
f4 Rc1+ 41. Kh2 Rd1 42. Rd7 Rd2 43. Kg3 b5 44. Kg4 f5+ 45. Kh5 Rd3 46. Kh6 Rf6+
47. Kg5 Rf8 48. Kh6 Rf6+ 49. Kg5 Rf8 1/2-1/2

[Event "2BLS 2122 OSG Baden-Baden II - SC Ötig"]
[Site "?"]
[Date "2022.04.29"]
[Round "6.7"]
[White "Lerch, Patrice"]
[Black "Kachiani-Gersinska, Ketino"]
[Result "0-1"]
[WhiteElo "2328"]
[BlackElo "2293"]
[PlyCount "58"]
[EventDate "2022.??.??"]

1. e4 c6 2. Nc3 d5 3. Nf3 dxe4 4. Nxe4 Nf6 5. Nxf6+ exf6 6. Be2 Bd6 7. O-O O-O
8. Re1 Re8 9. d4 Nd7 10. c3 Nf8 11. Bd2 Ng6 12. Bf1 Be6 13. g3 Qd7 14. Bg2 h5
15. b3 Rad8 16. Qb1 h4 17. Qd3 h3 18. Bh1 Bc7 19. Qf1 a5 20. Rab1 a4 21. bxa4
Ra8 22. Rxb7 Rxa4 23. Rb2 Rea8 24. Ra1 Bxa2 25. Qd1 Qc8 26. Qc1 Bd5 27. Rbb1
Qf5 28. Ne1 Bxh1 29. Kxh1 Qxf2 0-1

[Event "2BLS 2122 OSG Baden-Baden II - SC Ötig"]
[Site "?"]
[Date "2022.04.29"]
[Round "6.8"]
[White "Doll, Stefan"]
[Black "Kuehn, Kolja"]
[Result "1/2-1/2"]
[WhiteElo "2134"]
[BlackElo "2140"]
[PlyCount "81"]
[EventDate "2022.??.??"]

1. e4 e5 2. Nc3 Nf6 3. d4 exd4 4. Qxd4 Nc6 5. Qd3 Bb4 6. Bd2 O-O 7. O-O-O d6 8.
Nge2 Re8 9. Bg5 h6 10. Bxf6 Qxf6 11. Nd5 Qd8 12. Nxb4 Nxb4 13. Qd2 a5 14. Nc3
Bd7 15. f3 Bc6 16. h4 Qf6 17. Bc4 b5 18. Bd5 Nxd5 19. Nxd5 Bxd5 20. Qxd5 Qe5
21. Rd2 a4 22. a3 Rab8 23. Qxe5 Rxe5 24. Rhd1 Kf8 25. Rd5 Ke7 26. Rxe5+ dxe5
27. c4 c6 28. Rd3 h5 29. Kc2 Rd8 30. Rxd8 Kxd8 31. b3 axb3+ 32. Kxb3 Kc7 33.
Kb4 Kb6 34. c5+ Ka6 35. g3 Kb7 36. Ka5 Ka7 37. Kb4 Ka6 38. a4 bxa4 39. Kxa4 Ka7
40. Ka5 Kb7 41. Kb4 1/2-1/2

[Event "2BLS 2122 SC Eppingen - TSV Schott Main"]
[Site "?"]
[Date "2022.05.15"]
[Round "6.1"]
[White "Lobron, Eric"]
[Black "Noe, Christopher"]
[Result "0-1"]
[WhiteElo "2503"]
[BlackElo "2503"]
[PlyCount "74"]
[EventDate "2022.??.??"]

1. Nf3 Nf6 2. c4 e6 3. b3 d5 4. Bb2 c5 5. cxd5 exd5 6. e3 Nc6 7. Bb5 Bd6 8.
Bxc6+ bxc6 9. O-O O-O 10. d3 Bg4 11. Nbd2 Nd7 12. Qc2 Qe7 13. Rfe1 f5 14. d4
Rae8 15. Rac1 Qf7 16. dxc5 Bc7 17. h3 Qh5 18. Kf1 Qh6 19. hxg4 fxg4 20. Ke2
gxf3+ 21. gxf3 Qh2 22. Rh1 Rxe3+ 23. Kxe3 Re8+ 24. Ne4 Qf4+ 25. Ke2 dxe4 26.
Rcg1 Qxf3+ 27. Kf1 Be5 28. Qc4+ Kh8 29. Bxe5 Nxe5 30. Qe2 Rd8 31. Qxf3 exf3 32.
Ke1 Nd3+ 33. Kd2 Nxf2+ 34. Ke3 Nxh1 35. Rxh1 Rf8 36. Kf2 g5 37. Rh5 Rf5 0-1

[Event "2BLS 2122 SC Eppingen - TSV Schott Main"]
[Site "?"]
[Date "2022.05.15"]
[Round "6.2"]
[White "Mesaros, Florian"]
[Black "Krivonosov, Oleg"]
[Result "0-1"]
[WhiteElo "2419"]
[BlackElo "2367"]
[PlyCount "74"]
[EventDate "2022.??.??"]

1. d4 d5 2. c4 e6 3. Nf3 Nf6 4. g3 Bb4+ 5. Nc3 O-O 6. Bg2 dxc4 7. O-O c5 8.
dxc5 Qa5 9. Qd4 Nc6 10. Qxc4 Qxc5 11. Qh4 Bxc3 12. bxc3 e5 13. Bg5 Qe7 14. Nd2
h6 15. Bxf6 Qxf6 16. Qxf6 gxf6 17. Ne4 Kg7 18. Nd6 Rd8 19. Rfd1 Rb8 20. Be4 Kf8
21. Kg2 Ke7 22. Nf5+ Bxf5 23. Bxf5 Na5 24. Kf3 Nc4 25. Bh3 b6 26. Rd3 Nb2 27.
Rxd8 Rxd8 28. Rb1 Rd2 29. Bf5 Na4 30. a3 Ra2 31. Rb4 Rxa3 32. Kg4 Nxc3 33. Rc4
Ra4 34. Rxa4 Nxa4 35. Kh5 Nc3 36. Kxh6 Kf8 37. e3 a5 0-1